<?xml version="1.0" encoding="UTF-8"?>
<collection xmlns="http://www.loc.gov/MARC21/slim">
    <record>
        <controlfield tag="001">77623</controlfield>
        <controlfield tag="005">20190226114803.0</controlfield>
        <datafield tag="037" ind1=" " ind2=" ">
            <subfield code="a">TAZ-TFG-2018-2840</subfield>
        </datafield>
        <datafield tag="041" ind1=" " ind2=" ">
            <subfield code="a">spa</subfield>
        </datafield>
        <datafield tag="100" ind1="1" ind2=" ">
            <subfield code="a">Peña Gimeno, Ignacio</subfield>
        </datafield>
        <datafield tag="242" ind1="0" ind2="0">
            <subfield code="a">The right of informational self-determination: configuration of a fundamental right</subfield>
        </datafield>
        <datafield tag="245" ind1="0" ind2="0">
            <subfield code="a">Derecho a la autodeterminación informativa: configuración de un derecho fundamental</subfield>
        </datafield>
        <datafield tag="260" ind1=" " ind2=" ">
            <subfield code="a">Zaragoza</subfield>
            <subfield code="b">Universidad de Zaragoza</subfield>
            <subfield code="c">2018</subfield>
        </datafield>
        <datafield tag="506" ind1=" " ind2=" ">
            <subfield code="a">by-nc-sa</subfield>
            <subfield code="b">Creative Commons</subfield>
            <subfield code="c">3.0</subfield>
            <subfield code="u">http://creativecommons.org/licenses/by-nc-sa/3.0/</subfield>
        </datafield>
        <datafield tag="520" ind1=" " ind2=" ">
            <subfield code="a">A pesar de que la Constitución Española es relativamente reciente, difícilmente habría podido reconocer expresamente la autodeterminación informativa como un derecho fundamental. Al contrario, la construcción de la protección de datos como fundamental ha sido fruto de un proceso evolutivo del que ha sido objeto la jurisprudencia del Tribunal Constitucional. Para realizar esta tarea el Tribunal se ha apoyado en el valor hermenéutico de instrumentos normativos internacionales como la Directiva 95/46/CE o el Convenio 108 del Consejo de Europa, funcionando estos últimos además como impulso para el legislador ante la necesidad de elaborar o adaptar la normativa estatal en relación a la protección de datos de carácter personal. Este reconocimiento parte de la noción de la autodeterminación informativa por parte de la doctrina constitucional como un componente integrado en el derecho a la intimidad. No obstante, la evidencia de que este derecho resulta insuficiente para hacer frente a aquellas amenazas que escapan del ámbito de la vida privada o familiar que el individuo desea reservar ante intromisiones de terceros suscito el debate que plantea el reconocimiento de la autodeterminación informativa como derecho fundamental.</subfield>
        </datafield>
        <datafield tag="521" ind1=" " ind2=" ">
            <subfield code="a">Graduado en Derecho</subfield>
        </datafield>
        <datafield tag="540" ind1=" " ind2=" ">
            <subfield code="a">Derechos regulados por licencia Creative Commons</subfield>
        </datafield>
        <datafield tag="700" ind1=" " ind2=" ">
            <subfield code="a">Ruiz Lapeña, Rosa María</subfield>
            <subfield code="e">dir.</subfield>
        </datafield>
        <datafield tag="710" ind1="2" ind2=" ">
            <subfield code="a">Universidad de Zaragoza</subfield>
            <subfield code="b">Derecho Público</subfield>
            <subfield code="c">Derecho Constitucional</subfield>
        </datafield>
        <datafield tag="856" ind1="0" ind2=" ">
            <subfield code="f">620503@celes.unizar.es</subfield>
        </datafield>
        <datafield tag="856" ind1="4" ind2=" ">
            <subfield code="s">267968</subfield>
            <subfield code="u">http://zaguan.unizar.es/record/77623/files/TAZ-TFG-2018-2840.pdf</subfield>
            <subfield code="y">Memoria (spa)</subfield>
        </datafield>
        <datafield tag="909" ind1="C" ind2="O">
            <subfield code="o">oai:zaguan.unizar.es:77623</subfield>
            <subfield code="p">driver</subfield>
            <subfield code="p">trabajos-fin-grado</subfield>
        </datafield>
        <datafield tag="950" ind1=" " ind2=" ">
            <subfield code="a"></subfield>
        </datafield>
        <datafield tag="951" ind1=" " ind2=" ">
            <subfield code="a">deposita:2019-02-26</subfield>
        </datafield>
        <datafield tag="980" ind1=" " ind2=" ">
            <subfield code="a">TAZ</subfield>
            <subfield code="b">TFG</subfield>
            <subfield code="c">DER</subfield>
        </datafield>
        <datafield tag="999" ind1=" " ind2=" ">
            <subfield code="a">20180712102934.CREATION_DATE</subfield>
        </datafield>
    </record>

    
</collection>